Lagrangian and Hamiltonian Mechanics /

Contenido: Leyes de Newton; Los principios de trabajo virtual y de Alembert; Ecuaciones de Lagrange; Principio de acción estacionaria o de Hamilton; Transformaciones invariables y constantes del movimiento; Ecuaciones de Hamilton; Transformaciones canónicas; Teoría de Hamilton-Jacobi; Variables de e...

Deskribapen osoa

Gorde:
Xehetasun bibliografikoak
Egile nagusia: Calkin, Melvin G. (autor)
Formatua: Liburua
Hizkuntza:ingelesa
Argitaratua: Singapur : World Scientific, 1998, c1996
Gaiak:
Etiketak: Etiketa erantsi
Etiketarik gabe, Izan zaitez lehena erregistro honi etiketa jartzen!

MARC

LEADER 00000nam^a2200000^a^4500
001 000131642
005 20250521000000.0
009 20260310095030.272
020 |a 981-02-2672-1 
037 |a Acervo ITESO - Biblioteca 
041 |a ING 
082 |a 530. 12  |b CAL 
100 |a Calkin, Melvin G.  |e (autor) 
245 1 0 |a Lagrangian and Hamiltonian Mechanics /  |c M.G. Calkin. 
264 4 |a Singapur :  |b World Scientific,  |c 1998, c1996 
300 |a IX, 215 p. 
336 |a texto  |b txt  |2 rdacontenido 
337 |a sin mediación  |b n  |2 rdamedio 
338 |a volumen  |b nc  |2 rdasoporte 
520 |a Contenido: Leyes de Newton; Los principios de trabajo virtual y de Alembert; Ecuaciones de Lagrange; Principio de acción estacionaria o de Hamilton; Transformaciones invariables y constantes del movimiento; Ecuaciones de Hamilton; Transformaciones canónicas; Teoría de Hamilton-Jacobi; Variables de efecto angular; Sistemas no integrables. 
649 |a XX 
650 |a Funciones Ortogonales 
650 |a Física Matemática 
650 |a Mecánica 
650 |a Física 
600 |a Mecánica Cuántica 
910 |a Fondo General 
920 |a Impresos - Libros 
930 |a Colección General 
905 |a 101 
901 |a 0500061478  |b IT1  |c ACC  |u 20250521 
902 |a https://opac.biblio.iteso.mx/vufind/Record/000131642